[Event "DEM U12w 2021"]
[Site "Willingen GER"]
[Date "2021.08.23"]
[Round "2"]
[White "Milman, Sophie"]
[Black "Schülke, Rosalie"]
[Result "1/2-1/2"]
[Termination "normal"]
[Board "9"]
[WhiteElo "1024"]
[BlackElo "1423"]
[WhiteClock "00:54:26"]
[BlackClock "00:14:29"]
[PlyCount "75"]
[WhiteFideId "34608885"]
[BlackFideId "16287436"]
[EventCountry "GER"]
[EventRounds "9"]
[EventType "swiss"]
[EventDate "2021.08.22"]

1. e4 {[%clk 1:30:59]} e6 {[%clk 1:30:59]} 2. d4 {[%clk 1:31:22]} d5 {[%clk
1:31:22]} 3. Nc3 {[%clk 1:31:44]} Nf6 {[%clk 1:31:36]} 4. e5 {[%clk 1:32:07]}
Nfd7 {[%clk 1:31:29]} 5. f4 {[%clk 1:32:25]} c5 {[%clk 1:31:46]} 6. Nf3 {[%clk
1:32:36]} Nc6 {[%clk 1:28:50]} 7. Be3 {[%clk 1:32:56]} Qb6 {[%clk 1:28:49]} 8.
a3 {[%clk 1:32:41]} cxd4 {[%clk 1:26:45]} 9. Nxd4 Nxd4 {[%clk 1:18:36]} 10.
Bxd4 {[%clk 1:30:22]} Qc7 {[%clk 1:17:29]} 11. Qd2 a6 {[%clk 1:09:12]} 12.
O-O-O {[%clk 1:25:20]} b5 {[%clk 1:08:18]} 13. Qd3 {[%clk 1:21:25]} Nb6 {[%clk
1:00:46]} 14. Bxb6 {[%clk 1:19:23]} Qxb6 {[%clk 1:01:06]} 15. g4 {[%clk
1:18:31]} b4 {[%clk 0:49:18]} 16. axb4 {[%clk 1:16:20]} Qxb4 {[%clk 0:46:33]}
17. f5 {[%clk 1:14:01]} Qxg4 {[%clk 0:43:40]} 18. Kb1 {[%clk 1:10:40]} Bb7
{[%clk 0:43:04]} 19. Bh3 {[%clk 1:08:42]} Qc4 {[%clk 0:36:07]} 20. Rhe1 {[%clk
1:05:35]} Qxd3 {[%clk 0:34:06]} 21. Rxd3 {[%clk 1:04:43]} exf5 {[%clk 0:32:09]}
22. Bxf5 {[%clk 1:04:04]} g6 {[%clk 0:32:15]} 23. Bg4 {[%clk 1:02:53]} Bb4
{[%clk 0:30:02]} 24. Red1 {[%clk 1:01:04]} Bxc3 {[%clk 0:29:30]} 25. Rxc3
{[%clk 1:00:52]} O-O {[%clk 0:25:43]} 26. e6 fxe6 {[%clk 0:19:38]} 27. Bxe6+
{[%clk 0:58:52]} Kh8 {[%clk 0:19:49]} 28. Bxd5 {[%clk 0:58:55]} Rad8 {[%clk
0:19:10]} 29. Rcd3 {[%clk 0:56:44]} Bxd5 {[%clk 0:19:27]} 30. Rxd5 {[%clk
0:56:54]} Rxd5 {[%clk 0:19:47]} 31. Rxd5 {[%clk 0:57:14]} Rf1+ {[%clk 0:20:09]}
32. Ka2 {[%clk 0:57:26]} Rf2 {[%clk 0:19:50]} 33. c4 {[%clk 0:57:19]} Rxh2
{[%clk 0:18:12]} 34. c5 {[%clk 0:57:24]} Rc2 {[%clk 0:18:17]} 35. Kb1 {[%clk
0:57:00]} Rc4 {[%clk 0:17:20]} 36. b3 {[%clk 0:56:57]} Rb4 {[%clk 0:14:45]} 37.
Kb2 {[%clk 0:56:49]} Rb5 {[%clk 0:14:29]} 38. Rd8+ {[%clk 0:54:26]} 1/2-1/2

[Event "DEM U12w 2021"]
[Site "Willingen GER"]
[Date "2021.08.23"]
[Round "2"]
[White "Huber, Laura"]
[Black "Moldovan, Tatiana"]
[Result "1-0"]
[Termination "normal"]
[Board "10"]
[WhiteElo "1265"]
[BlackElo "1437"]
[WhiteClock "00:12:47"]
[BlackClock "01:23:52"]
[PlyCount "139"]
[WhiteFideId "16270940"]
[BlackFideId "16287398"]
[EventCountry "GER"]
[EventRounds "9"]
[EventType "swiss"]
[EventDate "2021.08.22"]

1. e4 {[%clk 1:30:59]} c5 {[%clk 1:30:51]} 2. Nc3 {[%clk 1:31:20]} a6 {[%clk
1:31:14]} 3. f4 {[%clk 1:31:34]} e6 {[%clk 1:31:39]} 4. Nf3 {[%clk 1:31:47]} d5
{[%clk 1:31:54]} 5. d3 {[%clk 1:31:15]} b5 {[%clk 1:32:11]} 6. g3 {[%clk
1:13:20]} b4 {[%clk 1:31:45]} 7. Ne2 {[%clk 1:12:48]} dxe4 {[%clk 1:31:54]} 8.
dxe4 {[%clk 1:12:52]} Qxd1+ {[%clk 1:32:19]} 9. Kxd1 {[%clk 1:13:13]} Bb7
{[%clk 1:32:38]} 10. Nd2 {[%clk 1:00:04]} Nf6 {[%clk 1:31:12]} 11. Bg2 {[%clk
0:59:00]} Ng4 {[%clk 1:31:14]} 12. Ke1 {[%clk 0:47:47]} Ne3 {[%clk 1:30:52]}
13. Kf2 {[%clk 0:48:00]} Nxc2 {[%clk 1:30:31]} 14. Rb1 {[%clk 0:47:35]} Nd7
{[%clk 1:28:01]} 15. Nc4 {[%clk 0:36:05]} Nf6 {[%clk 1:20:01]} 16. e5 {[%clk
0:30:58]} Bxg2 {[%clk 1:15:34]} 17. Kxg2 {[%clk 0:31:24]} Nd5 {[%clk 1:15:52]}
18. Bd2 {[%clk 0:31:05]} a5 {[%clk 1:15:29]} 19. Rbc1 {[%clk 0:30:14]} Nd4
{[%clk 1:14:51]} 20. Nxd4 {[%clk 0:30:13]} cxd4 {[%clk 1:15:17]} 21. Rhd1
{[%clk 0:29:33]} Be7 {[%clk 1:15:03]} 22. Be1 {[%clk 0:29:36]} Ne3+ {[%clk
1:15:04]} 23. Nxe3 {[%clk 0:29:39]} dxe3 {[%clk 1:15:31]} 24. Kf3 {[%clk
0:29:51]} O-O {[%clk 1:15:25]} 25. Kxe3 {[%clk 0:29:59]} f6 {[%clk 1:15:35]}
26. Rd7 {[%clk 0:28:35]} Bd8 {[%clk 1:14:53]} 27. exf6 {[%clk 0:28:26]} Bxf6
{[%clk 1:14:38]} 28. b3 {[%clk 0:27:44]} Rac8 {[%clk 1:13:18]} 29. Rdc7 {[%clk
0:21:42]} Rxc7 {[%clk 1:13:29]} 30. Rxc7 {[%clk 0:22:09]} Rd8 {[%clk 1:13:49]}
31. Ke2 {[%clk 0:14:34]} Re8 {[%clk 1:07:23]} 32. Ra7 {[%clk 0:12:57]} e5
{[%clk 1:06:55]} 33. f5 {[%clk 0:12:44]} Bd8 {[%clk 1:07:04]} 34. g4 {[%clk
0:12:17]} Re7 {[%clk 1:06:27]} 35. Ra8 {[%clk 0:12:23]} Rd7 {[%clk 1:00:15]}
36. Bh4 {[%clk 0:12:23]} Rc7 {[%clk 0:58:34]} 37. Rxd8+ {[%clk 0:12:19]} Kf7
{[%clk 0:58:50]} 38. Rd5 {[%clk 0:11:57]} Rc2+ {[%clk 0:59:14]} 39. Rd2 {[%clk
0:12:09]} Rc7 {[%clk 0:59:35]} 40. Bg3 {[%clk 0:12:20]} Rc5 {[%clk 0:59:45]}
41. Ke3 {[%clk 0:11:37]} Kf6 {[%clk 0:59:44]} 42. Rd6+ {[%clk 0:11:21]} Kg5
{[%clk 0:59:49]} 43. h3 {[%clk 0:19:16]} Rc3+ {[%clk 1:29:38]} 44. Rd3 {[%clk
0:19:36]} Rc2 {[%clk 1:29:31]} 45. Rd2 {[%clk 0:18:23]} Rc3+ {[%clk 1:29:58]}
46. Kf2 {[%clk 0:16:45]} e4 {[%clk 1:29:47]} 47. Re2 {[%clk 0:16:34]} Rf3+
{[%clk 1:28:56]} 48. Kg2 {[%clk 0:16:44]} Rd3 {[%clk 1:29:04]} 49. Be5 {[%clk
0:11:23]} e3 {[%clk 1:28:46]} 50. Kg3 {[%clk 0:09:59]} h5 {[%clk 1:27:58]} 51.
h4+ {[%clk 0:10:11]} Kh6 {[%clk 1:28:22]} 52. Bf4+ {[%clk 0:09:46]} Kh7 {[%clk
1:28:44]} 53. gxh5 {[%clk 0:08:40]} Kg8 {[%clk 1:19:42]} 54. Rxe3 {[%clk
0:08:58]} Rd2 {[%clk 1:20:03]} 55. Re8+ {[%clk 0:09:23]} Kf7 {[%clk 1:20:25]}
56. Bxd2 {[%clk 0:09:45]} Kxe8 {[%clk 1:20:54]} 57. h6 {[%clk 0:10:00]} gxh6
{[%clk 1:21:09]} 58. Bxh6 {[%clk 0:10:28]} Kf7 {[%clk 1:21:38]} 59. Kf4 {[%clk
0:10:41]} Kf6 {[%clk 1:21:59]} 60. Bg5+ {[%clk 0:11:03]} Kg7 {[%clk 1:22:07]}
61. Ke5 {[%clk 0:11:09]} Kf7 {[%clk 1:22:00]} 62. f6 {[%clk 0:11:30]} Kf8
{[%clk 1:22:19]} 63. Ke6 {[%clk 0:11:48]} a4 {[%clk 1:22:40]} 64. f7 {[%clk
0:11:19]} Kg7 {[%clk 1:22:49]} 65. Bh6+ {[%clk 0:11:43]} Kxh6 {[%clk 1:23:07]}
66. f8=Q+ {[%clk 0:12:01]} Kg6 {[%clk 1:23:31]} 67. Qf7+ {[%clk 0:12:22]} Kh6
{[%clk 1:23:55]} 68. Qg8 {[%clk 0:12:42]} a3 {[%clk 1:24:13]} 69. Kf6 {[%clk
0:12:47]} Kh5 {[%clk 1:23:52]} 70. Qg5# 1-0

[Event "DEM U12w 2021"]
[Site "Willingen GER"]
[Date "2021.08.23"]
[Round "2"]
[White "Kutz, Ida Klara"]
[Black "Krasikova, Milana"]
[Result "1-0"]
[Termination "normal"]
[Board "11"]
[WhiteElo "1258"]
[BlackElo "1244"]
[WhiteClock "01:23:22"]
[BlackClock "00:58:38"]
[PlyCount "33"]
[WhiteFideId "16296257"]
[BlackFideId "16287347"]
[EventCountry "GER"]
[EventRounds "9"]
[EventType "swiss"]
[EventDate "2021.08.22"]

1. c4 {[%clk 1:30:58]} e5 {[%clk 1:30:56]} 2. Nc3 {[%clk 1:31:23]} Nf6 {[%clk
1:31:16]} 3. Nf3 {[%clk 1:31:45]} Nc6 4. g3 {[%clk 1:31:52]} d5 {[%clk
1:31:56]} 5. cxd5 {[%clk 1:32:16]} Nxd5 {[%clk 1:32:21]} 6. Bg2 {[%clk
1:32:16]} Bf5 {[%clk 1:30:38]} 7. O-O {[%clk 1:31:12]} Bc5 {[%clk 1:28:28]} 8.
d3 {[%clk 1:29:53]} O-O {[%clk 1:23:23]} 9. Nxd5 {[%clk 1:29:40]} Qxd5 {[%clk
1:23:34]} 10. e4 {[%clk 1:29:55]} Bxe4 {[%clk 1:20:29]} 11. dxe4 {[%clk
1:29:42]} Qxe4 {[%clk 1:19:40]} 12. Ng5 {[%clk 1:27:26]} Qf5 {[%clk 1:17:39]}
13. Be4 {[%clk 1:27:11]} Qf6 {[%clk 1:06:46]} 14. Nxh7 {[%clk 1:26:08]} Qe7
{[%clk 1:04:58]} 15. Nxf8 {[%clk 1:25:35]} Rxf8 {[%clk 1:03:14]} 16. Qh5 {[%clk
1:24:13]} f6 {[%clk 0:58:38]} 17. Bh7+ {[%clk 1:23:22]} 1-0

[Event "DEM U12w 2021"]
[Site "Willingen GER"]
[Date "2021.08.23"]
[Round "2"]
[White "Chandrasekher, Ritu"]
[Black "Lorenz, Veronika"]
[Result "0-1"]
[Termination "normal"]
[Board "12"]
[WhiteElo "1197"]
[BlackElo "1395"]
[WhiteClock "01:09:53"]
[BlackClock "00:52:12"]
[PlyCount "82"]
[WhiteFideId "34609024"]
[BlackFideId "16277406"]
[EventCountry "GER"]
[EventRounds "9"]
[EventType "swiss"]
[EventDate "2021.08.22"]

1. e4 {[%clk 1:30:57]} e5 {[%clk 1:30:53]} 2. Nf3 {[%clk 1:31:23]} Nc6 {[%clk
1:31:17]} 3. Bc4 {[%clk 1:31:48]} Nf6 {[%clk 1:31:40]} 4. d3 {[%clk 1:32:04]}
Bc5 {[%clk 1:31:48]} 5. O-O {[%clk 1:32:07]} O-O {[%clk 1:31:15]} 6. c3 {[%clk
1:32:10]} d5 {[%clk 1:30:54]} 7. exd5 {[%clk 1:31:03]} Nxd5 {[%clk 1:31:16]} 8.
Re1 {[%clk 1:30:55]} Bg4 {[%clk 1:27:03]} 9. Nbd2 {[%clk 1:30:56]} Kh8 {[%clk
1:16:30]} 10. Nf1 {[%clk 1:27:39]} f6 {[%clk 1:07:07]} 11. Bd2 {[%clk 1:26:49]}
Nb6 {[%clk 1:05:53]} 12. Bb3 {[%clk 1:26:33]} Qxd3 {[%clk 1:05:31]} 13. Bc2
{[%clk 1:24:23]} Bxf3 {[%clk 1:02:55]} 14. Bxd3 {[%clk 1:24:13]} Bxd1 {[%clk
1:03:19]} 15. Raxd1 {[%clk 1:23:48]} Rad8 {[%clk 1:03:15]} 16. Be3 {[%clk
1:23:32]} Bxe3 {[%clk 1:03:06]} 17. Nxe3 {[%clk 1:23:50]} g6 {[%clk 0:59:50]}
18. b4 {[%clk 1:22:02]} Rd7 {[%clk 0:57:52]} 19. Bb5 {[%clk 1:20:22]} Rfd8
{[%clk 0:57:24]} 20. h3 {[%clk 1:18:39]} a6 {[%clk 0:57:04]} 21. Bxc6 {[%clk
1:18:22]} bxc6 {[%clk 0:57:29]} 22. Rxd7 {[%clk 1:17:58]} Rxd7 {[%clk 0:53:48]}
23. c4 {[%clk 1:17:39]} Rd2 {[%clk 0:53:35]} 24. c5 {[%clk 1:16:06]} Nd5 {[%clk
0:53:50]} 25. Nxd5 {[%clk 1:15:45]} cxd5 {[%clk 0:54:11]} 26. Rb1 {[%clk
1:15:12]} Rxa2 {[%clk 0:53:56]} 27. b5 {[%clk 1:15:10]} axb5 {[%clk 0:53:59]}
28. Rxb5 {[%clk 1:15:14]} Rc2 {[%clk 0:54:08]} 29. g4 {[%clk 1:14:37]} d4
{[%clk 0:54:19]} 30. Kf1 {[%clk 1:14:18]} d3 {[%clk 0:52:27]} 31. Ke1 {[%clk
1:14:27]} e4 {[%clk 0:51:14]} 32. h4 {[%clk 1:14:12]} f5 {[%clk 0:51:15]} 33.
gxf5 {[%clk 1:14:03]} gxf5 {[%clk 0:51:39]} 34. Kd1 {[%clk 1:13:28]} Rxf2
{[%clk 0:51:36]} 35. Kc1 {[%clk 1:12:33]} e3 {[%clk 0:51:51]} 36. Rb6 {[%clk
1:11:55]} cxb6 {[%clk 0:51:30]} 37. cxb6 {[%clk 1:11:45]} d2+ {[%clk 0:51:30]}
38. Kd1 {[%clk 1:11:30]} Rf1+ {[%clk 0:51:49]} 39. Ke2 {[%clk 1:11:44]} d1=Q+
{[%clk 0:52:12]} 40. Kxe3 Re1+ 41. Kf4 {[%clk 1:09:53]} Qg4# 0-1

[Event "DEM U12w 2021"]
[Site "Willingen GER"]
[Date "2021.08.23"]
[Round "2"]
[White "Bangiev, Katharina"]
[Black "Richter, Johanna"]
[Result "1/2-1/2"]
[Termination "normal"]
[Board "13"]
[WhiteElo "1477"]
[BlackElo "1155"]
[WhiteClock "00:01:57"]
[BlackClock "00:20:50"]
[PlyCount "48"]
[WhiteFideId "16267230"]
[BlackFideId "16278925"]
[EventCountry "GER"]
[EventRounds "9"]
[EventType "swiss"]
[EventDate "2021.08.22"]

1. e4 {[%clk 1:30:58]} c5 {[%clk 1:30:50]} 2. Nf3 {[%clk 1:31:21]} Nc6 {[%clk
1:31:12]} 3. Bb5 {[%clk 1:31:44]} g6 {[%clk 1:31:36]} 4. Bxc6 {[%clk 1:31:24]}
dxc6 {[%clk 1:31:56]} 5. d3 {[%clk 1:31:05]} Bg7 {[%clk 1:31:44]} 6. Nc3 {[%clk
1:30:53]} e5 {[%clk 1:31:50]} 7. Be3 {[%clk 1:27:32]} b6 {[%clk 1:31:59]} 8.
Nd2 {[%clk 1:11:20]} Nf6 {[%clk 1:26:58]} 9. h3 {[%clk 1:03:18]} Qc7 {[%clk
1:24:11]} 10. Ne2 {[%clk 0:51:15]} Nh5 {[%clk 1:17:14]} 11. O-O {[%clk
0:42:39]} Nf4 {[%clk 1:13:53]} 12. Nf3 {[%clk 0:34:25]} Ne6 {[%clk 1:11:36]}
13. Ng5 {[%clk 0:24:49]} O-O {[%clk 1:02:48]} 14. Nxe6 {[%clk 0:21:19]} Bxe6
{[%clk 1:02:57]} 15. f4 {[%clk 0:16:57]} f5 {[%clk 1:00:00]} 16. Qe1 {[%clk
0:09:12]} Qe7 {[%clk 0:51:22]} 17. Nc3 {[%clk 0:05:08]} Rad8 {[%clk 0:44:48]}
18. Qg3 {[%clk 0:04:01]} Qc7 {[%clk 0:36:12]} 19. Rad1 {[%clk 0:03:03]} Rf7
{[%clk 0:30:57]} 20. fxe5 {[%clk 0:02:36]} Bxe5 {[%clk 0:30:04]} 21. Bf4 {[%clk
0:02:48]} Bd4+ {[%clk 0:28:15]} 22. Kh1 {[%clk 0:02:40]} Qc8 {[%clk 0:25:12]}
23. a3 {[%clk 0:02:35]} Re8 {[%clk 0:20:50]} 24. Rfe1 {[%clk 0:01:57]} a6
1/2-1/2

[Event "DEM U12w 2021"]
[Site "Willingen GER"]
[Date "2021.08.23"]
[Round "2"]
[White "Flierl, Veronika"]
[Black "Stepanjan, Tatevik Mia"]
[Result "1-0"]
[Termination "normal"]
[Board "14"]
[WhiteElo "1372"]
[BlackElo "1170"]
[WhiteClock "00:51:51"]
[BlackClock "00:46:47"]
[PlyCount "73"]
[WhiteFideId "34603697"]
[BlackFideId "16246128"]
[EventCountry "GER"]
[EventRounds "9"]
[EventType "swiss"]
[EventDate "2021.08.22"]

1. e4 {[%clk 1:30:58]} c5 {[%clk 1:30:24]} 2. Nc3 {[%clk 1:31:20]} Nc6 {[%clk
1:30:01]} 3. g3 {[%clk 1:31:34]} e6 {[%clk 1:28:10]} 4. Bg2 {[%clk 1:30:30]}
Nf6 {[%clk 1:27:13]} 5. d3 {[%clk 1:30:07]} d5 {[%clk 1:26:02]} 6. Bg5 {[%clk
1:28:19]} Be7 {[%clk 1:25:26]} 7. f4 {[%clk 1:21:44]} d4 {[%clk 1:23:29]} 8.
Nce2 {[%clk 1:21:29]} h6 9. Bxf6 Bxf6 10. Nf3 e5 11. fxe5 Nxe5 12. O-O Bg4
{[%clk 1:22:06]} 13. Nf4 {[%clk 1:15:54]} O-O {[%clk 1:21:37]} 14. Qd2 {[%clk
1:13:16]} Bg5 {[%clk 1:20:23]} 15. Nxe5 {[%clk 1:13:12]} Re8 {[%clk 1:19:38]}
16. Nxg4 {[%clk 1:13:25]} h5 {[%clk 1:17:19]} 17. Nf2 {[%clk 1:13:06]} Qd6
{[%clk 1:16:17]} 18. N2h3 {[%clk 1:13:02]} Bh6 {[%clk 1:15:30]} 19. Qf2 {[%clk
1:12:26]} g6 {[%clk 1:15:03]} 20. Nd5 {[%clk 1:10:32]} Rf8 {[%clk 1:09:23]} 21.
Nhf4 {[%clk 1:09:04]} Qe5 {[%clk 1:03:50]} 22. Kh1 {[%clk 1:03:59]} b5 {[%clk
1:00:42]} 23. Ne2 {[%clk 1:03:21]} Rac8 {[%clk 0:59:17]} 24. Nf6+ {[%clk
1:02:56]} Kg7 25. Nd7 {[%clk 1:02:47]} Qd6 {[%clk 0:57:52]} 26. Nxf8 {[%clk
1:02:49]} Rxf8 {[%clk 0:58:16]} 27. Nf4 {[%clk 1:02:22]} Bxf4 {[%clk 0:57:48]}
28. gxf4 {[%clk 1:01:38]} c4 {[%clk 0:57:06]} 29. f5 {[%clk 0:59:43]} cxd3
{[%clk 0:55:52]} 30. cxd3 {[%clk 0:59:06]} a6 {[%clk 0:53:53]} 31. Rae1 {[%clk
0:55:26]} Qc6 {[%clk 0:52:50]} 32. Qxd4+ {[%clk 0:55:07]} Kh7 {[%clk 0:51:59]}
33. fxg6+ {[%clk 0:52:41]} Qxg6 {[%clk 0:51:04]} 34. Rf6 {[%clk 0:52:35]} Qg7
{[%clk 0:50:35]} 35. Rg1 {[%clk 0:51:44]} Qg8 {[%clk 0:47:24]} 36. Bh3 {[%clk
0:51:40]} Qh8 {[%clk 0:46:47]} 37. Bf5# {[%clk 0:51:51]} 1-0

[Event "DEM U12w 2021"]
[Site "Willingen GER"]
[Date "2021.08.23"]
[Round "2"]
[White "Strübel, Katharina"]
[Black "Hoffmann, Svenja"]
[Result "1-0"]
[Termination "normal"]
[Board "15"]
[WhiteElo "1154"]
[BlackElo "1307"]
[WhiteClock "00:22:27"]
[BlackClock "01:25:55"]
[PlyCount "89"]
[WhiteFideId "16284879"]
[BlackFideId "16287312"]
[EventCountry "GER"]
[EventRounds "9"]
[EventType "swiss"]
[EventDate "2021.08.22"]

1. e4 {[%clk 1:30:39]} e5 {[%clk 1:30:52]} 2. Nf3 {[%clk 1:30:37]} Nc6 {[%clk
1:30:59]} 3. d4 {[%clk 1:30:33]} exd4 {[%clk 1:31:03]} 4. Nxd4 {[%clk 1:30:30]}
Bb4+ {[%clk 1:31:12]} 5. c3 {[%clk 1:30:37]} Bc5 {[%clk 1:31:32]} 6. Be3 {[%clk
1:30:06]} Bb6 {[%clk 1:30:55]} 7. Bc4 {[%clk 1:25:33]} Ne5 {[%clk 1:29:02]} 8.
Bb3 {[%clk 1:24:47]} d6 {[%clk 1:28:10]} 9. Nc2 {[%clk 1:18:10]} Nf6 {[%clk
1:27:33]} 10. O-O {[%clk 1:14:01]} Bxe3 {[%clk 1:27:13]} 11. Nxe3 {[%clk
1:13:15]} O-O {[%clk 1:27:32]} 12. Nd2 {[%clk 1:10:07]} c6 {[%clk 1:27:04]} 13.
Nf3 {[%clk 1:06:49]} Bg4 {[%clk 1:26:56]} 14. Nxg4 {[%clk 1:01:57]} Nfxg4
{[%clk 1:27:18]} 15. Nxe5 {[%clk 1:01:34]} Nxe5 {[%clk 1:27:38]} 16. f4 {[%clk
0:51:04]} Ng6 {[%clk 1:27:20]} 17. Qd2 {[%clk 0:42:43]} Re8 {[%clk 1:27:17]}
18. f5 {[%clk 0:38:26]} Ne5 {[%clk 1:27:18]} 19. Rad1 {[%clk 0:38:21]} Ng4
{[%clk 1:26:25]} 20. Qxd6 {[%clk 0:31:02]} Qb6+ {[%clk 1:26:34]} 21. Rd4 {[%clk
0:28:16]} Rad8 {[%clk 1:26:04]} 22. Qb4 {[%clk 0:27:24]} Rxd4 {[%clk 1:25:50]}
23. Qxb6 {[%clk 0:26:29]} axb6 {[%clk 1:26:15]} 24. cxd4 {[%clk 0:25:47]} Rxe4
{[%clk 1:26:16]} 25. d5 {[%clk 0:23:55]} Re2 {[%clk 1:25:04]} 26. d6 {[%clk
0:23:38]} Rd2 {[%clk 1:24:50]} 27. Rd1 {[%clk 0:22:57]} Rxd1+ 28. Bxd1 {[%clk
0:22:59]} Kf8 {[%clk 1:25:17]} 29. Bxg4 {[%clk 0:23:07]} Ke8 {[%clk 1:25:03]}
30. f6 {[%clk 0:23:01]} gxf6 {[%clk 1:25:21]} 31. Kf2 {[%clk 0:22:50]} b5
{[%clk 1:25:14]} 32. Ke3 {[%clk 0:22:23]} c5 {[%clk 1:25:11]} 33. Ke4 {[%clk
0:22:24]} b4 {[%clk 1:24:42]} 34. b3 {[%clk 0:21:48]} b6 {[%clk 1:24:28]} 35.
Kd5 {[%clk 0:21:51]} h5 {[%clk 1:24:22]} 36. Bxh5 {[%clk 0:22:06]} Kd7 {[%clk
1:24:46]} 37. Bxf7 {[%clk 0:21:36]} f5 {[%clk 1:24:33]} 38. Be6+ {[%clk
0:21:51]} Kd8 {[%clk 1:24:54]} 39. h4 {[%clk 0:21:45]} Ke8 {[%clk 1:24:29]} 40.
h5 {[%clk 0:21:51]} Kf8 {[%clk 1:24:55]} 41. h6 {[%clk 0:22:12]} f4 {[%clk
1:25:17]} 42. d7 {[%clk 0:22:10]} Ke7 {[%clk 1:25:25]} 43. h7 {[%clk 0:22:16]}
b5 {[%clk 1:25:48]} 44. h8=Q {[%clk 0:22:27]} c4 {[%clk 1:25:55]} 45. d8=Q# 1-0

[Event "DEM U12w 2021"]
[Site "Willingen GER"]
[Date "2021.08.23"]
[Round "2"]
[White "Halas, Neele Zoe"]
[Black "Vogt, Luna"]
[Result "1-0"]
[Termination "normal"]
[Board "16"]
[WhiteElo "1494"]
[BlackElo "1147"]
[WhiteClock "00:19:44"]
[BlackClock "00:14:24"]
[PlyCount "65"]
[WhiteFideId "16287282"]
[BlackFideId "34607153"]
[EventCountry "GER"]
[EventRounds "9"]
[EventType "swiss"]
[EventDate "2021.08.22"]

1. e4 {[%clk 1:30:58]} e5 {[%clk 1:30:56]} 2. Nf3 {[%clk 1:31:23]} Nc6 {[%clk
1:31:02]} 3. d4 {[%clk 1:31:48]} exd4 {[%clk 1:31:19]} 4. Nxd4 {[%clk 1:32:13]}
Bc5 {[%clk 1:31:23]} 5. Be3 {[%clk 1:32:37]} Qf6 {[%clk 1:31:18]} 6. c3 {[%clk
1:32:59]} Nge7 {[%clk 1:31:15]} 7. Bc4 {[%clk 1:33:21]} Ne5 {[%clk 1:30:50]} 8.
Be2 {[%clk 1:33:22]} Qg6 {[%clk 1:30:27]} 9. Bf3 {[%clk 1:29:40]} Nxf3+ {[%clk
1:30:07]} 10. Qxf3 {[%clk 1:30:03]} O-O {[%clk 1:28:08]} 11. O-O {[%clk
1:30:00]} d6 {[%clk 1:27:34]} 12. Nd2 {[%clk 1:27:12]} f5 {[%clk 1:22:46]} 13.
Kh1 {[%clk 1:09:17]} Rb8 {[%clk 1:12:44]} 14. Nb5 {[%clk 0:58:12]} fxe4 {[%clk
1:08:29]} 15. Qxe4 {[%clk 0:57:13]} Qxe4 {[%clk 0:49:37]} 16. Nxe4 {[%clk
0:57:27]} Bxe3 {[%clk 0:49:47]} 17. fxe3 {[%clk 0:57:50]} Bf5 {[%clk 0:49:32]}
18. Ng3 {[%clk 0:56:12]} a6 {[%clk 0:44:31]} 19. Nxc7 {[%clk 0:53:24]} Bg4
{[%clk 0:42:56]} 20. e4 {[%clk 0:51:07]} Rfc8 {[%clk 0:37:32]} 21. Nd5 {[%clk
0:51:03]} Nxd5 {[%clk 0:37:25]} 22. exd5 {[%clk 0:51:24]} Rc5 {[%clk 0:37:40]}
23. Rf4 {[%clk 0:51:20]} h5 {[%clk 0:35:46]} 24. c4 {[%clk 0:51:17]} b5 {[%clk
0:34:37]} 25. b3 {[%clk 0:48:24]} bxc4 {[%clk 0:34:12]} 26. bxc4 {[%clk
0:47:33]} Rb4 {[%clk 0:33:58]} 27. Rc1 {[%clk 0:40:03]} Rb2 {[%clk 0:33:25]}
28. h3 {[%clk 0:30:54]} Bd7 {[%clk 0:28:30]} 29. Ne4 {[%clk 0:26:43]} Rc7
{[%clk 0:19:26]} 30. Nxd6 {[%clk 0:26:44]} Rd2 {[%clk 0:16:22]} 31. Kg1 {[%clk
0:23:26]} Bc6 {[%clk 0:15:31]} 32. Ne4 {[%clk 0:19:47]} Rd4 {[%clk 0:14:24]}
33. Nf6+ {[%clk 0:19:44]} 1-0

[Event "DEM U12w 2021"]
[Site "Willingen GER"]
[Date "2021.08.23"]
[Round "2"]
[White "Neumeier, Valentina"]
[Black "Woiteck, Sophia"]
[Result "1/2-1/2"]
[Termination "normal"]
[Board "17"]
[WhiteElo "1128"]
[BlackElo "1293"]
[WhiteClock "00:19:21"]
[BlackClock "00:14:57"]
[PlyCount "89"]
[WhiteFideId "34608222"]
[BlackFideId "34608753"]
[EventCountry "GER"]
[EventRounds "9"]
[EventType "swiss"]
[EventDate "2021.08.22"]

1. e4 {[%clk 1:30:58]} c5 {[%clk 1:30:48]} 2. Nc3 {[%clk 1:31:19]} Nc6 {[%clk
1:30:57]} 3. g3 {[%clk 1:31:32]} d6 {[%clk 1:30:56]} 4. Bg2 {[%clk 1:31:47]} e6
{[%clk 1:30:31]} 5. d3 {[%clk 1:32:00]} Be7 {[%clk 1:30:27]} 6. Be3 {[%clk
1:31:42]} Nf6 {[%clk 1:30:18]} 7. Nf3 {[%clk 1:30:29]} O-O {[%clk 1:27:05]} 8.
O-O {[%clk 1:29:58]} d5 {[%clk 1:20:40]} 9. exd5 {[%clk 1:24:56]} exd5 {[%clk
1:20:10]} 10. d4 {[%clk 1:24:18]} b6 {[%clk 1:17:52]} 11. Qd2 {[%clk 1:19:32]}
Be6 {[%clk 1:15:11]} 12. Rfe1 {[%clk 1:17:06]} Qc8 {[%clk 1:05:46]} 13. Ng5
{[%clk 1:14:21]} Qd7 {[%clk 0:57:06]} 14. Nxe6 {[%clk 1:13:04]} fxe6 {[%clk
0:57:02]} 15. Ne2 {[%clk 1:06:05]} Ng4 {[%clk 0:48:40]} 16. Bh3 {[%clk
1:02:55]} Nxe3 {[%clk 0:47:35]} 17. Qxe3 {[%clk 1:02:32]} Kh8 {[%clk 0:41:35]}
18. Qxe6 {[%clk 1:00:32]} Qxe6 {[%clk 0:37:11]} 19. Bxe6 {[%clk 1:00:33]} Nxd4
{[%clk 0:36:59]} 20. Nxd4 {[%clk 1:00:50]} cxd4 {[%clk 0:36:56]} 21. Bxd5
{[%clk 1:01:08]} Rad8 {[%clk 0:36:09]} 22. Rxe7 Rxd5 {[%clk 0:35:56]} 23. Rxa7
{[%clk 1:00:39]} h5 {[%clk 0:32:55]} 24. a4 {[%clk 0:57:00]} Rc8 {[%clk
0:33:07]} 25. a5 {[%clk 0:49:48]} b5 {[%clk 0:32:36]} 26. Rc1 {[%clk 0:47:06]}
d3 {[%clk 0:32:05]} 27. c3 {[%clk 0:46:15]} b4 {[%clk 0:29:38]} 28. Kf1 {[%clk
0:31:59]} d2 {[%clk 0:28:50]} 29. Rd1 {[%clk 0:31:32]} bxc3 {[%clk 0:28:12]}
30. bxc3 {[%clk 0:31:42]} Rxc3 {[%clk 0:27:20]} 31. Ke2 {[%clk 0:31:42]} Rc2
32. Re7 {[%clk 0:31:05]} Rb2 {[%clk 0:23:37]} 33. a6 {[%clk 0:29:29]} Rd8
{[%clk 0:23:12]} 34. a7 {[%clk 0:28:21]} Ra2 {[%clk 0:22:53]} 35. Re4 {[%clk
0:25:05]} Kh7 {[%clk 0:22:28]} 36. a8=Q {[%clk 0:22:24]} Raxa8 {[%clk 0:21:41]}
37. Rxd2 {[%clk 0:22:12]} Rxd2+ {[%clk 0:21:45]} 38. Kxd2 {[%clk 0:22:26]} Kg6
{[%clk 0:21:15]} 39. Ke3 {[%clk 0:21:38]} Kf5 {[%clk 0:20:51]} 40. Rf4+ {[%clk
0:21:45]} Kg5 41. h4+ Kg6 {[%clk 0:20:14]} 42. g4 {[%clk 0:19:50]} Re8+ {[%clk
0:17:20]} 43. Kf3 {[%clk 0:19:28]} hxg4+ {[%clk 0:16:13]} 44. Rxg4+ {[%clk
0:19:21]} Kh6 {[%clk 0:14:57]} 45. Ke4 1/2-1/2